[Event "FRA-ch Pool B"]
[Site "Vichy"]
[Date "2000.08.16"]
[Round "2"]
[White "Vallin, Guillaume"]
[Black "Vaisser, Anatoli"]
[Result "1-0"]
[WhiteElo "2399"]
[BlackElo "2537"]
[Annotator "Ftacnik,L"]
[PlyCount "91"]
[EventDate "2000.08.15"]
[EventType "tourn"]
[EventRounds "7"]
[EventCountry "FRA"]
[EventCategory "11"]
[SourceTitle "CBM 079"]
[Source "ChessBase"]
[SourceDate "2000.11.21"]
[SourceVersion "1"]
[SourceVersionDate "2000.11.21"]
[SourceQuality "1"]

1. d4 d5 2. c4 e6 3. Nc3 c5 4. cxd5 cxd4 5. Qa4+ b5 6. Qxd4 (6. Qxb5+ $2 Bd7 7.
Qb7 dxc3 8. Qxa8 cxb2 9. Bxb2 (9. Rb1 bxc1=Q+ 10. Rxc1 Bb4+ 11. Kd1 Ba4+ 12.
Rc2 Qc7 $19) 9... Qa5+ 10. Kd1 Ba4+ 11. Kc1 Qe1#) (6. Nxb5 Bd7 7. d6 Bxb5 8.
Qxb5+ Qd7 9. e3 dxe3 10. Bxe3 Bxd6 11. Rd1 Qxb5 12. Bxb5+ Ke7 13. Nf3 Nf6 $10)
6... Nc6 (6... b4 $2 7. Nb5 exd5 (7... a6 8. dxe6 $1 Bxe6 (8... axb5 9. exf7+
Ke7 10. fxg8=N+ Ke8 11. Qe4+ $18) 9. Qe4 axb5 10. Qxa8 $18) 8. Qxd5 $1 Qxd5 9.
Nc7+ Kd8 10. Nxd5 Bb7 11. Nf4 Nd7 12. Nf3 Bd6 13. g3 Rc8 14. Bg2 Ngf6 (14...
Rc2 15. Kd1) 15. Nd3 Re8 16. Be3 Be4 (16... Rc2 17. Rc1 Rxc1+ 18. Nxc1 a5 19.
Bd4 $16) 17. Kd2 a5 18. Rhc1 Rxc1 19. Rxc1 $16) 7. Qd1 (7. Qd2 exd5 8. Qxd5 Bd7
9. e3 (9. Bg5 $5 Nf6 (9... Be7 10. Bxe7 Ngxe7 11. Qd2) 10. Qd2) (9. Qe4+ Be7
10. Bg5 h6 11. Bxe7 Ngxe7 12. e3 Bf5 13. Qf4 a6 14. Nf3 g5 15. Qg3 Qa5 16. Be2
b4 17. Nd1 Be6 18. Nd4 Nxd4 19. exd4 Nf5 20. Qe5 Qxe5 21. dxe5 Ke7 $44 {
1-0 Bareev,E-Ljubojevic,L/Linares/1993/ (36)}) 9... Nf6 10. Qd1 a6 11. Nf3 Qb6
12. Be2 Rd8 13. O-O Bf5 14. Bd2 Be7 15. a3 O-O 16. b4 Ne4 17. Nxe4 Bxe4 18. Qc1
Bxf3 19. Bxf3 Ne5 20. Be4 f5 {1/2-1/2 Sadler,M-Apicella,M/Linares/1995/ (40)})
7... exd5 8. e4 $5 {[%mdl 4] New move hoping to punish black for the
overexposed pawn structure in the center.} (8. e3 a6 9. Qxd5 Bb7 10. Nf3 Nf6
11. Qb3 (11. Qxd8+ Rxd8 12. Be2 Bc5 13. O-O O-O 14. b3 Rfe8 15. Bb2 Ba7 $13)
11... Bc5 (11... Bb4 12. Bd2 Qe7 13. Be2 O-O 14. O-O Na5 15. Qc2 Rac8 16. a3
Bd6 17. Rac1 Nc4 $13) 12. Be2 Qe7 13. O-O O-O 14. Rd1 Rfd8 15. Bd2 Rac8 $13) (
8. Nxb5 Qa5+ 9. Nc3 d4 10. Qa4 Qxa4 11. Nxa4 Nb4 12. Kd1 Bd7 13. b3 Bxa4 14.
bxa4 Nf6 15. Bb2 Rd8 16. Nf3 Ne4 {0-1 Novotny,R-Hodova,L/Plzen/1996/ (34)})
8... d4 (8... dxe4 9. Qxd8+ $1 (9. Bxb5 $6 Qxd1+ (9... Bb7 10. Qa4 Rc8 11.
Qxe4+ Be7 12. Bg5 $16) 10. Kxd1 Bb7 11. Nxe4 a6 12. Ba4 O-O-O+ 13. Bd2 Ne5 14.
f3 Bxe4 15. fxe4 (15. Rc1+ Kb8 16. fxe4 Nd3 $15) 15... Nc4 16. Rc1 Rxd2+ 17.
Ke1 Rxb2 18. Rxc4+ Kd8 $15) 9... Kxd8 10. Bxb5 Nd4 11. Bg5+ Kc7 (11... f6 12.
Rd1 $1) 12. Ba4 $16) 9. Bxb5 Bd7 10. Nd5 Nb4 (10... Nf6 11. Bg5 Qa5+ 12. Bd2
Qd8 13. Rc1 $16) 11. Bxd7+ Qxd7 12. Nf3 $1 (12. Nxb4 Bxb4+ 13. Bd2 Bxd2+ 14.
Qxd2 Rd8 $14) 12... Nxd5 13. exd5 Bc5 (13... Qxd5 14. Qxd4 $16) 14. O-O (14.
Nxd4 Qxd5 15. Qe2+ Ne7 16. Nf3 Bb4+ 17. Bd2 Bxd2+ 18. Qxd2 Qe4+ 19. Qe3 Qb4+
20. Qc3 Qe4+ $14) 14... Ne7 (14... Qxd5 15. Qa4+ Qd7 (15... Kf8 16. Rd1 $16)
16. Qxd7+ Kxd7 17. Nxd4 $1 $16) 15. Ne5 Qxd5 16. Qa4+ Kf8 (16... Kd8 $2 17.
Qa5+ Ke8 18. Qb5+ Kd8 19. Nxf7+ Qxf7 20. Qxc5 $18) 17. Nd7+ Kg8 18. Nxc5 Qxc5
19. Bd2 {Vallin is ahead in the development and black king needs two more
moves to complete artificial castling.} h6 (19... Nd5 20. Rfe1 Nb6 21. Re8+
Rxe8 22. Qxe8+ Qf8 23. Qxf8+ Kxf8 24. Rd1 $16) 20. Rac1 Qd5 (20... Qb6 21. Rfe1
Nf5 22. Re5 $1 (22. Bf4 Kh7 23. Qd7 Qg6 24. Rc7 Rhf8 $14) 22... Qg6 23. Qc2 $16
) 21. Rc7 Nf5 22. Rd7 Qe6 (22... Qc5 23. Qb3 $1 $18) 23. Re1 Qg6 24. Qb3 Kh7 (
24... a6 25. Rd5 Kh7 26. Qd3 Nh4 27. Rxd4 $18) 25. Qxf7 Qxf7 26. Rxf7 {After
the win of a pawn white task is of technical nature, the bishop is better than
the knight due to assymetry of the pawns.} Rhf8 27. Rc7 (27. Rxf8 Rxf8 28. Kf1
$16) 27... Rf6 (27... Rfc8 28. Rec1 Rxc7 29. Rxc7 $18) 28. Re5 a6 29. b4 Raf8
30. g3 R8f7 (30... Nd6 31. f4 $18) 31. Rxf7 Rxf7 32. a4 h5 (32... Kg6 33. Kf1
$18) 33. Kf1 g6 34. Ke2 Rf6 35. Kd3 Kg7 36. f4 Kf7 37. b5 axb5 (37... Rb6 38.
a5 $1 $18) 38. axb5 Rb6 39. Bb4 Rb8 40. Rd5 Ke6 41. Re5+ Kd7 (41... Kf7 42. h3
Nxg3 43. Kxd4 $18) 42. Kc4 Ra8 43. b6 $1 Ra1 (43... Kc6 44. Re6+ $18) 44. h3 $1
Rb1 (44... Nxg3 45. b7 Kc7 46. Re7+ Kb8 47. Bd6+ $18) 45. b7 Ne3+ (45... Nd6+
46. Bxd6 Kxd6 47. Rb5 Rxb5 48. Kxb5 Kc7 49. Kc4 Kxb7 50. Kxd4 $18) (45... Kc7
46. Rb5 Rc1+ (46... Kb8 47. g4 $18) 47. Kd3 Kb8 48. g4 $18) 46. Rxe3 1-0

[Event "Benasque"]
[Site "Benasque"]
[Date "1995.??.??"]
[Round "4"]
[White "Comas Fabrego, Luis"]
[Black "Martin Gonzalez, Angel"]
[Result "1-0"]
[WhiteElo "2490"]
[BlackElo "2420"]
[Annotator "Ftacnik,L"]
[PlyCount "43"]
[EventDate "1995.07.??"]
[EventType "tourn"]
[EventRounds "9"]
[EventCountry "ESP"]
[EventCategory "13"]
[SourceTitle "CBM 050"]
[Source "ChessBase"]
[SourceDate "1996.02.01"]
[SourceVersion "1"]
[SourceVersionDate "1996.02.01"]
[SourceQuality "1"]

1. d4 {RomeroHolmes} d5 2. c4 e6 3. Nc3 c5 4. cxd5 cxd4 5. Qa4+ Bd7 6. Qxd4
exd5 7. Qxd5 Nf6 8. Qd1 Bc5 9. e3 Nc6 10. Nf3 Qe7 11. Be2 (11. a3 O-O-O 12. b4
Bb6 13. Qc2 Kb8 14. Be2 g5 15. Na4 $6 (15. Bb2 $5 {Romero}) 15... Bc7 16. Bb2
g4 17. Nd4 (17. Nd2 {Romero} Ne5 18. Nc5 Bc6) 17... Nxd4 18. Bxd4 Bxa4 19. Qxa4
Rxd4 $1 20. exd4 Qe4 (20... Nd5 $5 {Romero}) 21. Kf1 Bb6 22. Rd1 Nd5 $36 {
Sorin-Bellon, Buenos Aires 94.}) (11. Bd2 {Romero} O-O-O 12. Rc1) 11... O-O-O
12. O-O g5 13. b4 $5 Bxb4 14. Bb2 {White is trying to counter the attack
against his kingside with the swift action on the other side. The Kc8 can
easily become vulnerable as well.} (14. Nb5 Ne4 15. Qc2 Kb8 16. Rb1 Rc8 17. Qc4
f5 18. Nfd4 Nxd4 19. Qxd4 Bc5 20. Ba3 Rhd8 21. Bxc5 Nxc5 22. Qd6+ Qxd6 23. Nxd6
Rc7 24. Rfc1 Be6 {Jimenez Villena,F-Aracil/Alicante op/1989/0-1 (33)}) (14. Qb3
g4 (14... Rhg8 15. Rb1 Bf5 16. Rb2 g4 17. Nd4 Nxd4 18. exd4 Bxc3 19. Qxc3+ Kb8
20. Ba6 Be4 21. Re1 Qd6 22. Bf4 Qxf4 23. Bxb7 Rd6 24. Bc6+ Kc8 25. Bxe4+ {
Negyesy-Berta,M/corr/1972/1-0 (30)}) (14... Be6 15. Bc4 Rd3 16. Nd5 Rxd5 17.
Bxd5 Bxd5 18. Qc2 Be4 19. Qe2 Rd8 20. Nd4 Bxg2 21. Kxg2 Rxd4 {Babula,V-Cech,P/
CSR-chJ Pardubice/1991/0-1}) 15. Nd4 Nxd4 16. exd4 Be6 (16... Bc6 17. Bb5 Bxc3
18. Qxc3 Nd5 19. Qc4 Qb4 20. Qxb4 {Vrbata,Z-Cech,P/Prague Vysehrad (05)/1989/0.
5}) 17. Qb2 Nd5 18. Nb5 Kb8 19. Bc4 Ba5 20. Bd2 Bxd2 21. Qxd2 Qf6 22. Qa5 {
Portisch,L-Velimirovic,D/Rio de Janeiro (izt)/1979/0.5}) 14... g4 (14... Rhg8
15. Nd4 Nxd4 16. Qxd4 Kb8 17. Nd5 Nxd5 18. Qxd5 {Armas,J-Arencibia,W/CUB-ch 
(03)/0.5 1989}) (14... Rhe8 {Romero}) (14... Kb8 $5 {Romero} 15. Nd5 Nxd5 16.
Bxh8 Nxe3 17. fxe3 Rxh8 $44) 15. Nd4 Nxd4 $2 {The new and faulty method of
reducing number of pieces aiming to attack the black's K. The Q on d4 is
hitting too many targets (a7, b4, f6, g4).} (15... Kb8 16. Ncb5 a6 17. Nxc6+
Bxc6 18. Nd4 Bd5 19. Bd3 Rhg8 20. Qa4 Ne4 21. Nf5 Qe6 22. Qxb4 Qxf5 23. Bxe4
Qxe4 24. Qxe4 Bxe4 25. Be5+ Kc8 26. Rac1+ Bc6 27. Rfd1 Rxd1+ 28. Rxd1 Rd8 29.
Rxd8+ {Vlasin-Cech,P/CSR-chT9192/1991/0.5}) (15... h5 16. Ncb5 Kb8 17. Qa4 a6
18. Nxc6+ Bxc6 19. Bxf6 Qe4 $3 (19... Qxf6 $2) 20. f3 (20. Be5+ Ka8 21. Nc7+
Ka7 22. Nb5+ Ka8 $10) 20... Qxe3+ 21. Kh1 Qxe2 22. Qxb4 Rd2 $6 (22... gxf3 23.
Qf4+ Ka8 24. Nc7+ Ka7 25. Rxf3 Rhg8 26. Bd4+ (26. Rg3 Rd1+ $19) (26. Rg1 Qxg2+
$3 27. Rxg2 Rd1+ 28. Rf1 Bxg2+ 29. Kg1 Bh3+ $1 30. Bg5 Rxg5+ $1 $19) 26... b6
27. Nb5+ Ka8 28. Rg3 (28. Rf2 Bxg2+ $19) 28... Rxg3 29. Qxg3 Qxb5 $17) 23. Qf4+
Ka8 24. Nc7+ Ka7 25. Bd4+ b6 26. Bf2 gxf3 27. g3 Rhd8 $1 28. Rab1 $4 (28. Ne6
$3 R8d7 29. Nd8 $3 Rxd8 30. Qc7+ Bb7 31. Qxb6+ Kb8 32. Kg1 $1 $16) (28. Nd5 $3
R8xd5 29. Qc7+ Bb7 30. Qxb6+ Kb8 31. Kg1 $1) 28... Qxf2 $1 29. Nb5+ Ka8 {
Bronznik,V-Cech,P/Praha/1993/0-1}) 16. Qxd4 Bc5 (16... Bb5 $2 17. Qxa7 Bxc3 18.
Bxb5 Bxb2 19. Rfc1+ Bxc1 20. Rxc1+ Qc7 21. Qa8#) (16... Kb8 {Baburin} 17. Nd1
Ne4 18. Qe5+ $18) (16... Kb8 $1 $15 {Romero}) 17. Nd5 $1 Nxd5 18. Rfc1 {
As a result of a small combination defence is falling appart. White Bs and the
Q create threats on the whole board.} Rhg8 (18... b6 19. Qxd5 Bb5 20. Bxg4+ Kb8
21. Be5+ Bd6 22. Rc8+ Rxc8 23. Bxd6+ $18) (18... Nc7 19. Rxc5 (19. Qxc5 Qxc5
20. Rxc5 Rhg8 21. Bd3 $16) 19... Be6 20. Qe5 Rhe8 21. Rxc7+ Qxc7 22. Rc1 $18)
19. Rxc5+ Bc6 20. Bxg4+ Kb8 21. Qe5+ Ka8 $2 (21... Qxe5 22. Bxe5+ Ka8 (22...
Nc7 23. Rxc6 bxc6 24. Rb1+ Ka8 25. Bxc7 $18) 23. Bf3 $16) 22. Rxd5 $1 1-0

[Event "Interpolis-02"]
[Site "Tilburg"]
[Date "1978.09.01"]
[Round "1"]
[White "Larsen, Bent"]
[Black "Hort, Vlastimil"]
[Result "1-0"]
[WhiteElo "2620"]
[BlackElo "2620"]
[Annotator "Ftacnik,L"]
[PlyCount "65"]
[EventDate "1978.09.01"]
[EventType "tourn"]
[EventRounds "11"]
[EventCountry "NED"]
[EventCategory "14"]
[SourceTitle "MCL"]
[Source "ChessBase"]
[SourceDate "1999.07.01"]
[SourceVersion "1"]
[SourceVersionDate "1999.07.01"]
[SourceQuality "1"]

1. c4 c5 2. Nc3 Nc6 3. e3 Nf6 4. Nf3 e6 5. d4 d5 6. cxd5 (6. a3) 6... exd5 7.
Be2 Bg4 $5 (7... Be7) (7... Bd6) (7... a6) (7... cxd4 8. Nxd4 Bd6) 8. O-O c4 $5
(8... Rc8) (8... a6) 9. h3 (9. Ne5 Bxe2 10. Qxe2 Rc8 11. Ng4 $5) 9... Bf5 (9...
Bh5 10. g4 $5 (10. Ne5 $5)) 10. b3 $5 (10. Ne5) 10... Bb4 11. Bb2 Ne4 $6 (11...
Bxc3 12. Bxc3 Ne4 13. Qe1 cxb3 14. axb3 Qb6 $10) (11... Qa5 $5 12. Qc1 Ne4 13.
Nxe4 dxe4 14. a3 $1) 12. Nxe4 $1 dxe4 13. Bxc4 $1 exf3 14. Qxf3 Qf6 $6 (14...
Ne7 15. Qxb7 $14) (14... Qd7 15. e4 Bg6 16. d5 Na5 17. Bxg7 Rg8 18. Bf6 $14) (
14... Qg5 15. e4 (15. d5 $142 $5) 15... Bg6 16. d5 Ne5 17. Bb5+ Kf8 18. Qe2 Bh5
19. g4 Nxg4 20. hxg4 Bxg4 21. Qe3 $14) 15. d5 $1 Qxb2 (15... Ne5 16. Bb5+ (16.
Qg3 $4 Nf3+ $1) (16. Qg3 Bd6 17. f4 Qg6 $1 18. Qxg6 Nxg6 19. Bxg7 Rg8 20. Bf6
$16) 16... Bd7 (16... Kf8 17. Qe2 $5 Qe7 18. e4 Bc8 (18... Bg6 19. f4 a6 20.
Bxe5 axb5 21. d6 $1 $16 Bxd6 22. Bxd6 Qxd6 23. f5) 19. f4 $16) 17. Bxd7+ Kxd7
18. Bxe5 Qxe5 19. Qxf7+ Qe7 $1 (19... Be7 $2 20. d6 $1) 20. Qf5+) 16. dxc6 Qe5
17. cxb7 Rd8 (17... Rb8 18. Rad1 {/\Rd5} Bd6 $2 (18... Be6 19. Qc6+ $1) (18...
Qe4 19. Qxe4+ Bxe4 20. Bb5+ Ke7 21. Rd4 Bxb7 22. Rxb4 Bc6 23. a4 a6 24. Rc1 $16
) 19. Rxd6 $1) 18. Rad1 Rxd1 (18... O-O 19. b8=Q $1) (18... Bd6 19. Rxd6 $1)
19. Rxd1 O-O 20. Rd5 $1 Qa1+ 21. Kh2 Be6 22. Qf4 $1 $18 Bxd5 23. Bxd5 Qf6 24.
Qxb4 Qd8 25. Qc5 Qb8+ 26. g3 Rd8 27. a4 g5 28. e4 Re8 29. b4 h5 30. Kg2 Kg7 31.
Bc6 Re6 32. b5 f6 33. Qf5 {/\Qc8} 1-0

[Event "Interpolis-02"]
[Site "Tilburg"]
[Date "1978.09.07"]
[Round "6"]
[White "Miles, Anthony John"]
[Black "Sosonko, Gennadi"]
[Result "1-0"]
[WhiteElo "2565"]
[BlackElo "2575"]
[Annotator "Ftacnik,L"]
[PlyCount "113"]
[EventDate "1978.09.01"]
[EventType "tourn"]
[EventRounds "11"]
[EventCountry "NED"]
[EventCategory "14"]
[SourceTitle "MCL"]
[Source "ChessBase"]
[SourceDate "1999.07.01"]
[SourceVersion "1"]
[SourceVersionDate "1999.07.01"]
[SourceQuality "1"]

1. d4 Nf6 2. Nf3 e6 3. c4 d5 4. e3 c5 5. cxd5 exd5 6. Nc3 Nc6 7. Be2 cxd4 8.
Nxd4 Bd6 9. O-O O-O 10. b3 Be5 11. Nxc6 bxc6 12. Bb2 Ne4 13. Na4 (13. Rc1 $5
Qh4 14. f4 $14 (14. g3 Nxg3 $10) (14. h3 Bxh3)) (13. Qc2 Bf5) 13... Bxb2 14.
Nxb2 $14 c5 $6 (14... Nc3 15. Qc2 Nxe2+ 16. Qxe2 Qa5 17. Rfc1 $16) (14... Be6
$142 15. Na4 Qa5 16. Rc1 Rac8 17. Qe1 $1) 15. Na4 $1 (15. Rc1 d4 $5 16. Bf3 Nc3
17. Rxc3 dxc3 18. Bxa8 cxb2 $44) 15... Qd6 (15... Bd7 $2 16. Qxd5 $18) 16. Rc1
(16. f3 $5) 16... Bd7 17. Bf3 (17. f3 $1 Bxa4 18. fxe4 Bc6 (18... Bd7 19. exd5
$18) 19. exd5 Qxd5 (19... Bxd5 $2 20. e4 $18) 20. Qxd5 Bxd5 21. Rxc5 $18 {e.g.}
Be6 (21... Rfd8 22. Rd1 Be6 23. Rxd8+ Rxd8 24. Rc7) 22. Bf3 {/\ 23.Rc7}) 17...
Bxa4 18. Bxe4 Bc6 19. Bd3 $1 $16 {/\ Qc2} (19. Bb1 $2 Bb5 $1 20. Qc2 g6 21.
Rfd1 Rfc8) 19... d4 20. Qc2 (20. Qh5 f5 $1 21. Bxf5 $2 g6) 20... dxe3 21. fxe3
g6 22. Rfd1 Qe6 23. Qxc5 Rac8 24. Qg5 $1 (24. Qxa7 $2 Bxg2 $1 25. Kxg2 (25.
Rxc8 $2 Rxc8 26. Kxg2 $2 Qg4+ $19) 25... Rxc1 26. Rxc1 Qd5+ $10) 24... Rcd8 25.
Bc4 Rxd1+ 26. Rxd1 Qe4 27. h3 (27. Rf1 {(/\ h3,Kh2)} h6 28. Qg3 Kg7 29. h4 f5
30. Rd1 {(/\ Rd6)} Rf6 31. Qc7+) 27... Re8 28. Rf1 (28. Rd6 Re5) 28... Re7 29.
Rf2 (29. Kh2 h6 30. Qg3 Kg7 31. Rf4 Qc2 32. e4 Bxe4 33. Rf2 Qc1 34. Bxf7 $18)
29... Rd7 30. Qf4 (30. Kh2 {(/\ Qf6)} Bd5 $2 31. Rd2) 30... Qxf4 31. exf4 (31.
Rxf4 Kg7 {(/\ f7-f5);} 32. e4 f6) 31... Kg7 32. Rc2 Be4 33. Re2 f5 34. Kf2 Rd1
35. Rb2 h6 36. Be2 Ra1 37. Rd2 Kf8 38. b4 $2 (38. Bf3 $16) (38. h4 $5) 38...
Ke7 39. b5 g5 40. fxg5 $2 (40. g3 Rh1 41. Bf1 Rh2+ 42. Ke1 Rh1 43. a4 $18)
40... hxg5 41. Bc4 Rc1 $14 42. Bb3 Rc3 $4 (42... Rc5 43. a4 Rc3 44. Bd1 Ra3)
43. Rd4 Rc5 44. Rb4 Kd6 45. Bc4 (45. b6 $5 axb6 46. Rxb6+ Rc6 $1 47. Rxc6+ Bxc6
$10) 45... Bd5 $6 46. Bxd5 Kxd5 47. Kg1 $3 $16 (47. Ra4 Rxb5 48. Rxa7 Ke6 $10)
47... f4 $2 (47... Ke5 48. Kh2 f4 49. a4 $1 Rc2 50. a5 $1 f3 51. b6 Rxg2+ 52.
Kh1 $18) (47... Rc1+ 48. Kh2 Rc2 49. Ra4 f4 50. Rxa7 f3 51. Kg3 $3 fxg2 52. Kh2
Rb2 53. Rg7 $18) (47... Rc2 $1 48. Ra4 Rb2 $2 (48... Rc5 $1 49. Ra5 a6 $1 50.
a4 (50. Rxa6 $5 Rxb5 51. Rg6 Rb2 $1 52. Rxg5 Ke4 $1 53. a3 Rb3 54. a4 Ra3)
50... Rc1+ {/\ axb5}) 49. Ra5 {/\ a4+-}) (47... Ke6 48. Kh2 (48. a4 Rc1+ {
/\ Ra1}) 48... f4 49. h4 (49. a4 Rc2 50. a5 f3 51. b6 axb6 52. axb6 f2 53. Rb1
Rb2 $1 $10) 49... Kf5 50. hxg5 Kxg5 51. a4 Rc2 52. a5 f3 53. b6 axb6 54. axb6
f2 55. Rb1 Rb2 $10) 48. h4 $1 $18 Rc1+ 49. Kh2 Kc5 50. Re4 gxh4 51. Rxf4 Kxb5
52. a4+ Kc6 (52... Ka5 53. Rxh4 Ra1 54. Rf4 Rxa4 55. Rxa4+ Kxa4 56. g4 $18) 53.
Rxh4 Ra1 54. Kh3 a5 55. Rf4 Kd6 56. Kh4 Rb1 57. Kg5 1-0

[Event "RUS-Cup03 Geller Memorial"]
[Site "Moscow"]
[Date "1999.02.09"]
[Round "8"]
[White "Chekhov, Valery A"]
[Black "Kirusha, Andrey"]
[Result "0-1"]
[WhiteElo "2511"]
[BlackElo "2365"]
[Annotator "Ftacnik,L"]
[PlyCount "56"]
[EventDate "1999.02.10"]
[EventType "swiss"]
[EventRounds "9"]
[EventCountry "RUS"]
[SourceTitle "CBM 070"]
[Source "ChessBase"]
[SourceDate "1999.06.08"]
[SourceVersion "1"]
[SourceVersionDate "1999.06.08"]
[SourceQuality "1"]

1. d4 d5 2. c4 e6 3. Nc3 c5 4. cxd5 cxd4 5. Qa4+ Bd7 6. Qxd4 exd5 7. Qxd5 Nc6
8. e3 Nf6 9. Qd1 Bc5 10. Nf3 Qe7 11. a3 O-O-O 12. Qc2 Kb8 13. Be2 Rc8 (13... g5
14. b4 Bb6 15. Na4 (15. Bb2 g4 16. Nh4 Rhe8 17. O-O Nh5 18. g3 Nf4 19. exf4 Nd4
20. Qd1 Bc6 21. Bxg4 Nf3+ 22. Bxf3 Rxd1 23. Raxd1 Bxf3 24. Nxf3 {1-0 Petran,
P-Szabo,Z/Budapest 1994/ (37)}) 15... g4 16. Nxb6 axb6 17. Nd2 Ne5 18. O-O Rhg8
19. e4 Rc8 20. Qb3 Bc6 21. Qe3 Ng6 22. b5 Bxe4 23. Bb2 {1-0 Velikov,P-Zahariev,
Z/Sofia 1984/ (38)}) 14. Bd2 (14. O-O g5 15. Nxg5 Rhg8 16. Nge4 Bb6 17. Nxf6
Qxf6 18. Qe4 Bf5 19. Qf3 Ne5 20. Qf4 Bc7 21. Nd5 Qg6 22. g3 Nd3 {0-1 Costa,
P-Vitor,A/POR-ch 1995/ (33)}) 14... Rhe8 (14... g5 15. Nxg5 Rhg8 16. Nge4 Bf5
17. Bd3 Ne5 18. Nxc5 Nxd3+ 19. Nxd3 Rgd8 20. e4 Nxe4 21. Bf4+ Ka8 22. Qe2 Rxd3
23. Qxd3 Nxf2+ {0-1 Katigin-Zapolocki,D/Roslavl 1989/ (47)}) (14... h6 15. b4
Bb6 16. Qb2 Bg4 17. Rc1 Bxf3 18. gxf3 Ne5 19. Na4 Rxc1+ 20. Qxc1 Rc8 21. Qd1
Bc7 22. Nc5 Rd8 {1/2-1/2 Doering,T-Huelsmann,J/BL2-W 1990/ (40)}) 15. b4 Bb6
16. Qb2 Ne5 {For the sacrificed pawn black can claim excellent location of all
his pieces, white has yet to finish the development.} 17. Rc1 (17. Nxe5 Qxe5
18. Rc1 Bc6 $44) 17... g5 18. Nxe5 (18. Nxg5 $6 Rg8 19. f4 (19. Nf3 Rxg2 $13)
19... Nc4 20. Bxc4 Rxc4 21. Qb3 Rgc8 $132) 18... Qxe5 19. Nd1 Qf5 (19... Qxb2
20. Nxb2 Rxc1+ 21. Bxc1 Bc6 22. Nc4 Bc7 23. h4 $1 $16) 20. Rxc8+ (20. Bc3 Nd5
$13) 20... Rxc8 21. Bc3 (21. f3 Rc2 22. Qb3 Be6 23. Bd3 Bxb3 24. Bxf5 Ra2 25.
Nc3 Rxa3 26. h4 $14) 21... Nd5 (21... Ne4 $6 22. Bd4 $16) 22. Be5+ (22. Bd4 Rc2
$13) 22... Ka8 23. Bf3 $2 (23. g4 Qg6) 23... g4 $3 {[%mdl 128] Excellent
attacking idea, suddenly white is under concentrated pressure of all black
pieces.} 24. Be2 (24. Bxd5 Rc2 25. Qb3 (25. e4 $2 Bxf2+ $19) 25... Bb5 26.
Bxb7+ Kxb7 27. Qd5+ Ka6 $19) (24. e4 $2 Qg6 25. exd5 gxf3 $19) 24... Rc2 25.
Qa1 (25. Bxg4 Qd3 26. Qxc2 Qxc2 27. Bxd7 a5 $1 $17) 25... Qe4 26. f3 (26. Kf1
Bb5 $1 27. Bxb5 Nxe3+ 28. fxe3 (28. Nxe3 Rxf2+) 28... Qxg2+ 29. Ke1 Bxe3 30.
Bc3 Bd2+ 31. Bxd2 Qxd2+ 32. Kf1 Qg2+ 33. Ke1 Qe4+ $19) (26. Rg1 Nxe3 $1 27.
fxe3 Bxe3 28. Rf1 Rxe2+ 29. Kxe2 Bb5+ 30. Ke1 Bf4+ $19) 26... Rxe2+ $1 {
Who will be defending white king?} 27. Kxe2 Qc2+ 28. Ke1 (28. Kf1 Nxe3+ 29.
Nxe3 Bb5+ 30. Kg1 Bxe3#) 28... Nxe3 (28... Nxe3 29. Nxe3 (29. Qb2 Nxg2+ 30. Kf1
Bb5#) 29... Bxe3 30. Qc3 Bf2+ 31. Kf1 Bb5+) 0-1

[Event "Olomouc Skanska Cup"]
[Site "Olomouc"]
[Date "2004.08.05"]
[Round "2"]
[White "Babula, Vlastimil"]
[Black "Biolek, Richard"]
[Result "1-0"]
[WhiteElo "2569"]
[BlackElo "2451"]
[Annotator "Ftacnik,L"]
[PlyCount "95"]
[EventDate "2004.08.04"]
[EventType "tourn"]
[EventRounds "11"]
[EventCountry "CZE"]
[EventCategory "9"]
[SourceTitle "CBM 103"]
[Source "ChessBase"]
[SourceDate "2004.11.11"]
[SourceVersion "1"]
[SourceVersionDate "2004.11.11"]
[SourceQuality "1"]

1. d4 d5 2. c4 e6 3. Nc3 c5 4. cxd5 cxd4 5. Qa4+ Bd7 6. Qxd4 exd5 7. Qxd5 Nc6
8. Nf3 Nf6 9. Qb3 Bc5 10. Bg5 Be6 (10... O-O 11. e3 Be6 12. Qa4 h6 13. Bxf6
Qxf6 14. Be2 Bb4 15. Rc1 Qg6 16. O-O Bh3 17. Nh4 Qg5 18. a3 Qxh4 19. axb4 Qg5
20. Bf3 Bd7 21. b5 Ne5 22. Bxb7 Rab8 23. Qxa7 {1-0 Lange,C-Sander,R/Passau
1997/ (34)}) 11. Qb5 Qe7 12. e3 a6 13. Qa4 h6 14. Bxf6 Qxf6 15. Bc4 $5 {
It is amazing, in what kind of positions it is possible to uncork the novelty.
This move is very good, since it fights against black's excellent piece
control in the center.} (15. Be2 Bb4 16. O-O O-O 17. Rac1 b5 18. Qc2 Rac8 19.
Rfd1 Na5 20. Rd4 Nc6 21. Rdd1 Na5 22. Rd4 Nc6 {1/2-1/2 Neuman,P-Mozny,M/
Czechia 1998/ (22)}) 15... Bd7 (15... Bb4 16. Bxe6 $1 (16. Qb3 Bxc3+ 17. bxc3
Na5 18. Qa4+ b5 19. Qxa5 Bxc4 $44) 16... Bxc3+ 17. bxc3 Qxc3+ 18. Ke2 fxe6 19.
Rab1 Rd8 20. Qe4 $16) 16. O-O-O Nd4 $2 {[%mdl 64] Biolek has failed to
appreciate, that white is already fully developed and ready to strike with
tactical shots of his own.} (16... Rc8 17. Qb3 Nd8 18. Nd5 Qf5 19. e4 Qh5 20.
Qd3 $14) 17. Qa5 (17. Ne4 Bxa4 18. Nxf6+ gxf6 19. exd4 Bxd1 20. Re1+ Be7 21.
Kxd1 $14) 17... b6 (17... Nxf3 18. Rxd7 $1 Ne5 (18... Kxd7 19. Qxc5 Ne5 20.
Rd1+ Ke8 21. Nd5 $18) 19. Rxb7 Rc8 20. Rc7 $18) 18. Ne4 $1 (18. Nd5 $5 Qd8 (
18... bxa5 19. Nxf6+ gxf6 20. Nxd4) 19. Qc3 Ne6 20. Ne5 $18) 18... bxa5 (18...
Qc6 19. Qc3 Qxe4 (19... Nxf3 20. Bd5 Qc8 21. Bxa8 Qxa8 22. Qxg7 $18) 20. exd4
Be7 21. Rhe1 Qf4+ 22. Kb1 $16) 19. Nxf6+ gxf6 20. Nxd4 {The results of the
operation are not very encouraging for black. Despite having bishop's pair for
the missing pawn, his prospects are poor due to the horrible pawn structure.} (
20. exd4 Bb4 21. Bd3 $18) 20... Ke7 21. Kb1 Rhc8 22. Bd3 (22. b3 $6 a4 23. Rd3
a5 $16) 22... Bxd4 (22... Rc7 23. Rc1 $18) 23. exd4 Kd6 24. Rhe1 Re8 (24... Bc6
25. f3 Bd5 26. Re3 a4 27. g3 $18) 25. Re3 Kd5 26. b3 Bb5 (26... Bc6 27. Bc4+
Kd6 28. Rh3 $18) 27. Bc2 Rxe3 (27... Rac8 28. Bf5 $18) 28. fxe3 {Babula now
enjoys healthy extra pawn and magnificient pawn structure.} a4 (28... Re8 29.
e4+ Kd6 30. g3 $18) 29. e4+ Kd6 30. bxa4 Bc6 31. Rf1 Rb8+ 32. Kc1 Ke7 33. d5
Bd7 34. a3 (34. d6+ Ke6 35. Bb3+ Ke5 36. Bxf7 f5 $1 37. exf5 Bxf5 $16) 34...
Rc8 35. Kd2 Rc5 36. Bb3 h5 (36... Ra5 37. Kc3 Bxa4 38. Kb4 $18) 37. Kd3 (37.
d6+ Kxd6 38. Rxf6+ Be6 39. Rh6 $16) 37... Rc8 38. Kd4 {Centralization of the
white king decides, black has no counterplay or compensation.} Rb8 39. Bc4 Rb2
40. Kc5 Rc2 (40... Rxg2 41. d6+ Kd8 42. Rxf6 $18) 41. Rb1 Bxa4 42. Rb7+ Kd8 43.
Kd4 Bd7 (43... Rd2+ 44. Ke3 Rxg2 45. Rxf7 Rxh2 46. Rxf6 $18) 44. Bxa6 h4 45. d6
Bc6 (45... Rd2+ 46. Kc5 Rc2+ 47. Kb4 Rb2+ 48. Ka5 $18) 46. Rxf7 Rf2 47. Bc4 Rf4
48. Bd5 1-0